000 00896nam a2200253 a 4500
999 _c11510
_d11510
001 11510
003 BD-JhCC
005 20191021092421.0
008 180516s1951 mau 000 0 eng
010 _a 52000012
035 _a(BD-JhCC)11510
040 _aDLC
_cDLC
_dDLC
_dBD-JhCC
050 0 0 _aHF5549
_b.A853
082 0 0 _a658.3007
_bCAS 1951
245 0 4 _aThe case method of teaching human relations and administration /
_cKenneth Richmond Andrews
260 _a[Cambridge]
_bHarvard University, Graduate School of Business Administration,
_c1951.
300 _a263 l.
_c28 cm.
650 0 _aIndustrial relations
_xStudy and teaching.
650 0 _aPersonnel management
_xStudy and teaching.
650 0 _aCase method.
700 _aAndrews, Kenneth R.
_d1916-2005,
_q(Kenneth Richmond),
710 2 _aHarvard University.
_bGraduate School of Business Administration.
942 _2ddc
_cBK